000 00568nam a2200181Ia 4500
008 090630s9999 xx 000 0 und d
082 _b1097
100 _aकेशवसुत.
245 _aहरवलेले श्रेय.
_cकेशवसुत.
260 _bकॉन्टीनेंटल.
_c1956
300 _a264
600 _aकेशवसुत.
630 _aहरवलेले श्रेय.
655 _aकाव्य.
700 _aकेशवसुत.
730 _aहरवलेले श्रेय.
942 _cBOOK
999 _c252953
_d252953